Animated Movies - The Last 40 Years - Statistics

General Stats
  • This quiz has been taken 17 times
  • The average score is 26 of 41
Answer Stats
Picture Answer % Correct
Ice Age (2002)
100%
James And The Giant Peach (1996)
100%
Rango (2011)
100%
Scooby-Doo And The Witch's Ghost (1999)
100%
The Rescuers Down Under (1990)
100%
All Dogs Go To Heaven (1989)
92%
Anastasia (1997)
92%
Coraline (2009)
92%
Sausage Party (2016)
92%
Home (2015)
83%
Horton Hears A Who! (2008)
83%
Onward (2020)
83%
Surf's Up (2007)
83%
Epic (2013)
75%
KPop Demon Hunters (2025)
75%
Monster House (2006)
75%
Sinbad: Legend Of The Seven Seas (2003)
75%
The Black Cauldron (1985)
75%
Balto (1995)
67%
Grave Of The Fireflies (1988)
67%
Hoodwinked! (2005)
67%
Luck (2022)
67%
ParaNorman (2012)
67%
The Boxtrolls (2014)
67%
The Brave Little Toaster (1987)
67%
An American Tail (1986)
58%
Early Man (2018)
58%
Missing Link (2019)
58%
Kangaroo Jack: G'Day, USA! (2004)
50%
Migration (2023)
50%
Thumbelina (1994)
50%
FernGully: The Last Rainforest (1992)
42%
Recess: School's Out (2001)
42%
Vivo (2021)
42%
Legend Of The Guardians: The Owls Of Ga'Hoole (2010)
25%
Rock-A-Doodle (1991)
25%
The Lord Of The Rings: The War Of The Rohirrim (2024)
25%
Titan A.E. (2000)
17%
Animal Crackers (2017)
8%
Once Upon A Forest (1993)
8%
Quest For Camelot (1998)
8%
No matching quizzes found
Score Distribution
Percent of People with Each Score
Percentile by Number Answered
Your Score History
You have not taken this quiz